00289nam a2200121Ia 4500008004100000041000900041082001700050100002000067245002900087260003500116300000800151650000800159230718s9999 xx 000 0 und d aEng. a34607bFAR-A aFarani , Mr. M. 0aActs Federal Pro vimeal aPakistanblaw book housec2009 a690 aLaw